Space between words : (Record no. 6371)

MARC details
000 -LEADER
fixed length control field 01180nac a22002771u 4500
010 ## - LIBRARY OF CONGRESS CONTROL NUMBER
LC control number 96035088
020 ## - INTERNATIONAL STANDARD BOOK NUMBER
International Standard Book Number 0804726531 (acid-free paper)
082 00 - DEWEY DECIMAL CLASSIFICATION NUMBER
Classification number 028
Item number SAE
090 ## - LOCALLY ASSIGNED LC-TYPE CALL NUMBER (OCLC); LOCAL CALL NUMBER (OCLC)
-- 6371
-- 6371
100 ## - MAIN ENTRY--PERSONAL NAME
Personal name Saenger, Paul Henry,
245 10 - TITLE STATEMENT
Title Space between words :
Remainder of title the origins of silent reading /
Statement of responsibility, etc Paul Saenger.
260 ## - PUBLICATION, DISTRIBUTION, ETC. (IMPRINT)
Place of publication, distribution, etc Stanford, Calif. :
Name of publisher, distributor, etc Stanford University Press,1997
Date of publication, distribution, etc c1997.
300 ## - PHYSICAL DESCRIPTION
Extent xviii, 480 p. :
Other physical details ill. ;
Dimensions 24 cm.
490 1# - Series Statement
Series statement Figurae
500 ## - GENERAL NOTE
General note distributer; Al-Ahram
504 ## - BIBLIOGRAPHY, ETC. NOTE
Bibliography, etc Includes bibliographical references (p. [437]-448) and indexes.
511 ## - PARTICIPANT OR PERFORMER NOTE
Participant or performer note catalogued by: wessam
650 #0 - SUBJECT ADDED ENTRY--TOPICAL TERM
Topical term or geographic name as entry element Books and reading
General subdivision History.
650 #0 - SUBJECT ADDED ENTRY--TOPICAL TERM
Topical term or geographic name as entry element Silent reading
General subdivision History.
830 #0 - SERIES ADDED ENTRY--UNIFORM TITLE
Uniform title Figurae (Stanford, Calif.)
856 42 - ELECTRONIC LOCATION AND ACCESS
Materials specified Book review (H-Net)
Uniform Resource Identifier <a href="http://www.h-net.org/review/hrev-a0a9x4-aa">http://www.h-net.org/review/hrev-a0a9x4-aa</a>
856 42 - ELECTRONIC LOCATION AND ACCESS
Materials specified Publisher description
Uniform Resource Identifier <a href="http://www.loc.gov/catdir/description/cam028/96035088.html">http://www.loc.gov/catdir/description/cam028/96035088.html</a>
856 42 - ELECTRONIC LOCATION AND ACCESS
Materials specified Table of contents
Uniform Resource Identifier <a href="http://www.loc.gov/catdir/toc/cam028/96035088.html">http://www.loc.gov/catdir/toc/cam028/96035088.html</a>
856 42 - ELECTRONIC LOCATION AND ACCESS
Materials specified Contributor biographical information
Uniform Resource Identifier <a href="http://www.loc.gov/catdir/enhancements/fy0710/96035088-b.html">http://www.loc.gov/catdir/enhancements/fy0710/96035088-b.html</a>
942 ## - ADDED ENTRY ELEMENTS (KOHA)
Item type Book - Borrowing
Call number prefix 028SAE
Holdings
Withdrawn status Item status Damaged status Not for loan Home library Current library Shelving location Date acquired Source of acquisition Total Checkouts Full call number Barcode Date last seen Koha item type
        Central Library Central Library Lower Floor 22/11/2007 Purchase 1 028SAE 000007370 15/07/2025 Book - Borrowing
        Central Library Central Library Lower Floor 22/11/2007 Purchase   028SAE 000011289 15/07/2025 NB - Book (Non borrowing)